00895cam a2200217Ia 4500020002200000020002500022040000800047082002600055100001900081245005200100260003900152300002000191500009800211520014900309650001700458650001600475650001700491942000700508999001700515952014500532 a0439240921 (pbk.) a9780439240925 (pbk.) cIOI a813 SCH 1998 A093 Or.1 aPeck, Richard,12aA long way from Chicago :ba novel in stories / aNew York :bScholastic Inc.,c1998 a148 p. ;c20 cm a"This edition is only available for distribution through the school market."--P. [4] of cover aA boy recounts his annual summer trips to rural Illinois with his sister during the Great Depression to visit their larger-than-life grandmother 0aGrandmothers 0aDepressions 0aCountry life cEK c13153d13153 0010406813_000000000000000_SCH_1998_A095_OR70963382aLBAbLBAd2017-08-20l3o813 SCH 1998 A095 Or.pA074761r2024-02-16s2024-02-01yEK